Digestive System - Organs - Statistics

General Stats
  • This quiz has been taken 78 times
  • The average score is 6 of 8
Answer Stats
Answer % Correct
Stomach
98%
Large Intestine
93%
Small Intestine
93%
Liver
82%
Mouth
80%
Gallbladder
70%
Esophagus
69%
Pancreas
59%
No matching quizzes found
Score Distribution
Percent of People with Each Score
Percentile by Number Answered
Your Score History
You have not taken this quiz